| 000 | 00922nam a2200253Ia 4500 | ||
|---|---|---|---|
| 003 | OSt | ||
| 005 | 20220923220928.0 | ||
| 006 | a|||||r|||| 00| 0 | ||
| 007 | ta | ||
| 008 | 220922b |||||||| |||| 00| 0 hin d | ||
| 024 | _a192,357 | ||
| 037 | _cTextual | ||
| 040 |
_aARTS _cARTS _bhin |
||
| 041 |
_2hin _ahin |
||
| 082 | _aT2:3, 152L3 | ||
| 100 |
_aपिन्सेन्ट, ए0 _9162488 |
||
| 245 | 0 | _aअध्यापन विधि के सिद्धान्त, अनु सन्तोष नन्दा | |
| 246 | _aAdhyāpan vidhi ke siddhānta, anu0 santoṣh nandā | ||
| 260 |
_aहरियाणा _b हरियाण हिन्दी ग्रंथ अकादमी _c1973 |
||
| 300 |
_a487पृ. _ccm. |
||
| 650 | _aशिक्षाशास्त्र | ||
| 942 |
_hT2:3, 152L3 _cTEXL _2CC |
||
| 999 |
_c344977 _d344977 |
||